000 00770nam a22002777a 4500
001 BR2018002549
003 BR-BrBNA
005 20230928105405.0
007 ta
008 230509b bl.||||| |||| 00| 0 por d
040 _aBR-BrBNA
_bpor
_cBiblioteca Nacional de Agricultura
041 _a(Por)
072 _aK10
090 _ K10 BR2018002549
110 1 _aUniversidade Federal do Paraná, Curitiba, PR (Brasil)
_911101
245 1 _aPrograma gestor de recursos florestais
260 3 _aCuritiba, PR (Brasil):
_bSouza Cruz,
_c2016.
300 _a122 p.
500 _a25 ref.
650 _aRECURSO FLORESTAL
650 _aPOVOAMENTO FLORESTAL
650 _aSILVICULTURA
650 _aLEGISLAÇÃO
909 _a202309
_bLucia
_c55
_dLucia Elande
942 _cBK
999 _c84935
_d84935